00758nam a2200157Ia 4500008004100000020001800041100003600059245012200095260002700217440002100244650001200265650015700277856004900434999001900483952009800502171212s9999 xx 000 0 und d a9780833082657 aPerry, Walter L.;Kassing, David cPerry, Walter L.;Kassing, DavidaToppling the TalibanbAir-Ground Operations in Afghanistan, October 2001–June 2002 bRAND Corporationc2015 aResearch Reports aHistory aOperation Enduring Freedom, 2001-; Afghan War, 2001 -- Campaigns; Afghan War, 2001 -- Aerial operations, American; Postwar reconstruction -- Afghanistan uhttp://jstor.org/stable/10.7249/j.ctt19jcgqv c352742d352742 001040aCLbCLd2017-12-12l0oLCC DS371.412 .P47 2015r2017-12-12 00:00:00w2017-12-12yCBE